Motivación / (Record no. 40128)

MARC details
000 -CABECERA
campo de control de longitud fija 00867nam a2200229 a 4500
005 - FECHA Y HORA DE LA ÚLTIMA TRANSACCIÓN
campo de control 20240215063825.0
008 - ELEMENTOS DE LONGITUD FIJA--INFORMACIÓN GENERAL
campo de control de longitud fija 991125s1979 mx 000 0 spa u
035 ## - NÚMERO DE CONTROL DEL SISTEMA
Número de control de sistema UPN01000040128
049 ## - COLECCIÓN
Colección F
050 #4 - SIGNATURA TOPOGRÁFICA DE LA BIBLIOTECA DEL CONGRESO
Número de clasificación LB2805
Número de documento/Ítem K6.4
100 1# - ASIENTO PRINCIPAL--NOMBRE PERSONAL
Nombre de persona Koontz, Harold,
Fechas asociadas al nombre 1908-1984
9 (RLIN) 28838
245 10 - MENCIÓN DE TÍTULO
Título Motivación /
Mención de responsabilidad, etc. Harold Koontz, Cyril O'Donell.
260 ## - PUBLICACIÓN, DISTRIBUCIÓN, ETC.
Lugar de publicación, distribución, etc. México :
Nombre del editor, distribuidor, etc. McGraw-Hill,
Fecha de publicación, distribución, etc. 1979.
300 ## - DESCRIPCIÓN FÍSICA
Extensión p. 624-653
500 ## - NOTA GENERAL
Nota general En: Curso de administración moderna / Harold Koontz, Cyril O'Donell -- México : McGraw-Hill, 1979
500 ## - NOTA GENERAL
Nota general Título de la cubierta: Dirección de Instituciones educativas : lectura no. 10
500 ## - NOTA GENERAL
Nota general A la cabeza de la cubierta: Universidad Pedagógica Nacional. Area Docencia. Maestrías.
650 #4 - ASIENTO SECUNDARIO DE MATERIA - TERMINO TEMATICO
Término de materia o nombre geográfico como elemento de entrada Administración
9 (RLIN) 28
650 #7 - ASIENTO SECUNDARIO DE MATERIA - TERMINO TEMATICO
Término de materia o nombre geográfico como elemento de entrada Motivación (Psicología)
Fuente del encabezamiento o término
9 (RLIN) 5909
700 1# - ASIENTO SECUNDARIO--NOMBRE DE PERSONAL
Nombre de persona O'Donell, Cyril,
Término indicativo de función/relación coaut.
905 ## - TIPO DE MATERIAL
Tipo de material Libro
Holdings
Estado de retiro Estado de pérdida Fuente del sistema de clasificación o colocación Estado dañado No para préstamo Código de colección Localización permanente Ubicación/localización actual Ubicación en estantería Total de préstamos Clasificación Código de barras Fecha visto por última vez Número de copia Tipo de ítem Koha
    Library of Congress Classification   Folletos Folletería Bib. Gregorio Torres Quintero Bib. Gregorio Torres Quintero Folletos   LB2805 K6.4 14659F 31/12/2020 1 Libro